| 000 | 00702cam a2200205 a 4500 | ||
|---|---|---|---|
| 001 | 000004868 | ||
| 005 | 20200929151525.0 | ||
| 008 | 811231s1969 ve 000 0 spa d | ||
| 040 |
_aDO-SdBNP _bspa _cBNPHU |
||
| 082 |
_aV860.9 _bM491c |
||
| 100 | 1 |
_aMedina, José Ramón. _d1921- _99760 |
|
| 245 | 1 | 0 |
_aCincuenta años de literatura venezolana (1918-1968) / _cJosé Ramón Medina. |
| 260 |
_aCaracas : _bMonte Avila, _c1969. |
||
| 300 |
_a319 p. ; _c20 cm. |
||
| 490 | 1 | _aPrisma | |
| 500 | _aincluye referencias bibliográficas y notas al pie de las páginas. | ||
| 650 | 4 |
_aLiteratura venezolana _ySIGLO XX _xHistoria y crítica _914101 |
|
| 650 | 4 |
_aEnsayos venezolanos _94376 |
|
| 830 | 0 |
_aPrisma _93770 |
|
| 999 |
_c4674 _d4674 |
||